<?xml version="1.0" encoding="UTF-8"?>
<record
    xmlns:xsi="http://www.w3.org/2001/XMLSchema-instance"
    xsi:schemaLocation="http://www.loc.gov/MARC21/slim http://www.loc.gov/standards/marcxml/schema/MARC21slim.xsd"
    xmlns="http://www.loc.gov/MARC21/slim">

  <leader>02137nam a2200457 i 4500</leader>
  <controlfield tag="003">CO-BoRNBP</controlfield>
  <controlfield tag="005">20250604153358.0</controlfield>
  <controlfield tag="007">ta</controlfield>
  <controlfield tag="008">180109r20002016ck a   jr     000 jdspa d</controlfield>
  <datafield tag="020" ind1=" " ind2=" ">
    <subfield code="a">9789583051906</subfield>
  </datafield>
  <datafield tag="040" ind1=" " ind2=" ">
    <subfield code="a">CO-BoRNBP</subfield>
    <subfield code="b">spa</subfield>
    <subfield code="e">rda</subfield>
    <subfield code="c">CO-BoRNBP</subfield>
  </datafield>
  <datafield tag="041" ind1="0" ind2=" ">
    <subfield code="a">spa</subfield>
  </datafield>
  <datafield tag="084" ind1=" " ind2=" ">
    <subfield code="a">C CUE16</subfield>
  </datafield>
  <datafield tag="245" ind1="0" ind2="0">
    <subfield code="a">Cuentos de la primera vez</subfield>
    <subfield code="c">Iv&#xE1;n Bunin ... [y otros nueve] ; selecci&#xF3;n de Guido L. Tamayo S. ; ilustraciones de Giovanni Cabrera</subfield>
  </datafield>
  <datafield tag="250" ind1=" " ind2=" ">
    <subfield code="a">Primera edici&#xF3;n</subfield>
  </datafield>
  <datafield tag="250" ind1=" " ind2=" ">
    <subfield code="a">Segunda edici&#xF3;n</subfield>
  </datafield>
  <datafield tag="264" ind1=" " ind2="1">
    <subfield code="a">Bogot&#xE1;, Colombia</subfield>
    <subfield code="b">Panamericana Editorial</subfield>
    <subfield code="c">2000</subfield>
    <subfield code="c">2016</subfield>
  </datafield>
  <datafield tag="300" ind1=" " ind2=" ">
    <subfield code="a">137 p&#xE1;ginas</subfield>
    <subfield code="b">ilustraciones</subfield>
    <subfield code="c">21 cm</subfield>
  </datafield>
  <datafield tag="336" ind1=" " ind2=" ">
    <subfield code="a">texto</subfield>
    <subfield code="b">txt</subfield>
    <subfield code="2">rdacontent</subfield>
  </datafield>
  <datafield tag="337" ind1=" " ind2=" ">
    <subfield code="a">sin mediaci&#xF3;n</subfield>
    <subfield code="b">n</subfield>
    <subfield code="2">rdamedia</subfield>
  </datafield>
  <datafield tag="338" ind1=" " ind2=" ">
    <subfield code="a">volumen</subfield>
    <subfield code="b">nc</subfield>
    <subfield code="2">rdacarrier</subfield>
  </datafield>
  <datafield tag="490" ind1="0" ind2=" ">
    <subfield code="a">Colecci&#xF3;n El pozo y el p&#xE9;ndulo</subfield>
  </datafield>
  <datafield tag="500" ind1=" " ind2=" ">
    <subfield code="a">El material correspondiente a la dotaci&#xF3;n PNLB 2022, corresponde a la segunda edici&#xF3;n de 2016</subfield>
  </datafield>
  <datafield tag="505" ind1="0" ind2=" ">
    <subfield code="t">El comienzo</subfield>
    <subfield code="r">Iv&#xE1;n Bunin</subfield>
    <subfield code="t">Adolescencia</subfield>
    <subfield code="r">William Faulkner</subfield>
    <subfield code="t">Misa de gallo</subfield>
    <subfield code="r">Joaquim M. Machado de Assis</subfield>
    <subfield code="t">Mi primer concierto</subfield>
    <subfield code="r">Felisberto Hern&#xE1;ndez</subfield>
    <subfield code="t">El charlest&#xF3;n</subfield>
    <subfield code="r">Jos&#xE9; Donoso</subfield>
    <subfield code="t">El cerrojo</subfield>
    <subfield code="r">Guy de Maupassant</subfield>
    <subfield code="t">Nuestro primer cigarro</subfield>
    <subfield code="r">Horacio Quiroga</subfield>
    <subfield code="t">Primer amor</subfield>
    <subfield code="r">Emilia Pardo Baz&#xE1;n</subfield>
  </datafield>
  <datafield tag="521" ind1=" " ind2=" ">
    <subfield code="a">Recomendado para un p&#xFA;blico mayor de 12 a&#xF1;os</subfield>
  </datafield>
  <datafield tag="545" ind1=" " ind2=" ">
    <subfield code="a">Incluye datos biogr&#xE1;ficos de los autores al comienzo de cada cuento</subfield>
  </datafield>
  <datafield tag="650" ind1="0" ind2="4">
    <subfield code="a">Literatura</subfield>
    <subfield code="v">Colecciones</subfield>
    <subfield code="2">LEMB</subfield>
    <subfield code="9">59509</subfield>
  </datafield>
  <datafield tag="650" ind1="0" ind2="0">
    <subfield code="a">Cuentos</subfield>
    <subfield code="x">Antologias</subfield>
    <subfield code="2">LEMB</subfield>
    <subfield code="9">59510</subfield>
  </datafield>
  <datafield tag="650" ind1="0" ind2="4">
    <subfield code="a">Literatura</subfield>
    <subfield code="x">Antologias</subfield>
    <subfield code="2">LEMB</subfield>
    <subfield code="9">59511</subfield>
  </datafield>
  <datafield tag="700" ind1="1" ind2=" ">
    <subfield code="a">Machado de Assis, Joaquim M.</subfield>
    <subfield code="d">1839-1908</subfield>
    <subfield code="e">autor</subfield>
    <subfield code="9">59512</subfield>
  </datafield>
  <datafield tag="700" ind1=" " ind2=" ">
    <subfield code="a">Quiroga, Horacio,</subfield>
    <subfield code="d">1878-1937</subfield>
    <subfield code="e">autor</subfield>
    <subfield code="9">40139</subfield>
  </datafield>
  <datafield tag="700" ind1="1" ind2=" ">
    <subfield code="a">Faulkner, William</subfield>
    <subfield code="d">1897-1962</subfield>
    <subfield code="e">autor</subfield>
    <subfield code="9">59513</subfield>
  </datafield>
  <datafield tag="700" ind1="1" ind2=" ">
    <subfield code="a">Cabrera, Giovanni</subfield>
    <subfield code="e">ilustrador</subfield>
    <subfield code="9">59514</subfield>
  </datafield>
  <datafield tag="700" ind1="1" ind2=" ">
    <subfield code="a">Maupassant, Guy de</subfield>
    <subfield code="d">1850-1893</subfield>
    <subfield code="e">autor</subfield>
    <subfield code="9">1075</subfield>
  </datafield>
  <datafield tag="700" ind1="1" ind2=" ">
    <subfield code="a">Donoso, Jos&#xE9;</subfield>
    <subfield code="d">1924-1996</subfield>
    <subfield code="e">autor</subfield>
    <subfield code="9">59515</subfield>
  </datafield>
  <datafield tag="700" ind1="1" ind2=" ">
    <subfield code="a">Pardo Baz&#xE1;n, Emilia</subfield>
    <subfield code="d">1851-1921</subfield>
    <subfield code="e">autor</subfield>
    <subfield code="9">59516</subfield>
  </datafield>
  <datafield tag="700" ind1="1" ind2=" ">
    <subfield code="a">Hern&#xE1;ndez, Felisberto</subfield>
    <subfield code="d">1902-1964</subfield>
    <subfield code="e">autor</subfield>
    <subfield code="9">59517</subfield>
  </datafield>
  <datafield tag="700" ind1="1" ind2=" ">
    <subfield code="a">Tamayo, Guido Leonardo</subfield>
    <subfield code="d">1955-</subfield>
    <subfield code="e">selecci&#xF3;n</subfield>
    <subfield code="9">59518</subfield>
  </datafield>
  <datafield tag="700" ind1="1" ind2=" ">
    <subfield code="a">Bunin, Ivan</subfield>
    <subfield code="d">1870-1953</subfield>
    <subfield code="e">autor</subfield>
    <subfield code="9">59519</subfield>
  </datafield>
  <datafield tag="942" ind1=" " ind2=" ">
    <subfield code="2">loc</subfield>
    <subfield code="c">BKLIT</subfield>
  </datafield>
  <datafield tag="999" ind1=" " ind2=" ">
    <subfield code="c">57122</subfield>
    <subfield code="d">57122</subfield>
  </datafield>
  <datafield tag="952" ind1=" " ind2=" ">
    <subfield code="0">0</subfield>
    <subfield code="1">0</subfield>
    <subfield code="2">ddc</subfield>
    <subfield code="4">0</subfield>
    <subfield code="7">0</subfield>
    <subfield code="8">GEN</subfield>
    <subfield code="a">MECASARI</subfield>
    <subfield code="b">MECASARI</subfield>
    <subfield code="c">GEN</subfield>
    <subfield code="d">2025-06-04</subfield>
    <subfield code="l">0</subfield>
    <subfield code="o">C CUE16</subfield>
    <subfield code="p">MDA001016</subfield>
    <subfield code="r">2025-06-04 15:34:26</subfield>
    <subfield code="t">Ej.1</subfield>
    <subfield code="w">2025-06-04</subfield>
    <subfield code="y">BKLIT</subfield>
  </datafield>
</record>
